000 00964cam a2200205 a 4500
001 000001367
005 20200929145545.0
008 720306s1971 xxc d 000 0ceng d
020 _a0802032621 (v. 1)
040 _aDO-SdBNP
_bspa
_cBNPHU
082 _a790.0971
_bC912
245 0 0 _aCreative Canada :
_ba biographical dictionary of twentieth-century creative and performing artists /
_ccompilación División de Referencia, Biblioteca McPherson, de la Universidad de Victoria ; prólogo Helen McGregor Rodney.
260 _a[Toronto] :
_bMcPherson Biblioteca de la Universidad de Victoria, Universidad de Toronto,
_c1971.
300 _av. ;
_c26 cm.
500 _aLa biblioteca sólo posee el volumen 1.
650 4 _aArtisas
_zCanadá
_xBiografía
_xDictionarios
_94583
650 4 _aArtes
_zCanadá
_xBiografía
_xDictionarios.
_94584
700 1 _aMcGregor Rodney, Helen,
_epról.
_94585
710 1 _aUniversity of Victoria (B.C.).
_bLibrary.
_bReference Division.
_94586
999 _c1293
_d1293